[Event "DEN-chT 9899"]
[Site "Denmark"]
[Date "1999.??.??"]
[Round "4"]
[White "Jacobsen, Bo"]
[Black "Johansen, Morten"]
[Result "1-0"]
[WhiteElo "2290"]
[BlackElo "2305"]

1.g3 d5 2.Nf3 c6 3.b3 Bg4 4.Bg2 Nd7 5.Bb2 Ngf6 6.d3 e6 7.Nbd2 Bb4 8.O-O Qe7
9.a3 Bd6 10.h3 Bxf3 11.exf3 O-O 12.f4 Rfe8 13.Re1 Qd8 14.Nf3 Nf8 15.Qd2 N6d7
16.Re2 Re7 17.Rae1 Qb6 18.f5 Rae8 19.Nh4 f6 20.fxe6 Rxe6 21.Nf5 Be5 22.d4 Bb8
23.a4 Rxe2 24.Rxe2 Rxe2 25.Qxe2 g6 26.Ne3 Qb4 27.c4 Qxb3 28.cxd5 Qxa4 29.h4 Bd6
30.h5 Ba3 31.h6 Bxb2 32.Qxb2 Qb5 33.Qa2 Qa6 34.Qxa6 bxa6 35.dxc6 Nb6 36.c7 Kf7
37.Bb7  1-0

[Event "DEN-chT 9899"]
[Site "Denmark"]
[Date "1999.??.??"]
[Round "7"]
[White "Jacobsen, Bo"]
[Black "Rath, Ulrik"]
[Result "0-1"]
[WhiteElo "2283"]
[BlackElo "2370"]

1.g3 d5 2.Nf3 c6 3.b3 Bg4 4.Bg2 Nd7 5.Bb2 Ngf6 6.d3 e6 7.Nbd2 Be7 8.h3 Bh5
9.O-O O-O 10.a3 a5 11.e4 Ne8 12.Qe2 Nc7 13.Rae1 Re8 14.Qe3 Bg6 15.e5 Qb8
16.Qf4 Qa7 17.Nh4 Nf8 18.Nxg6 Nxg6 19.Qg4 Qc5 20.Rc1 Nb5 21.d4 Qb6 22.a4 h5
23.Qxh5 Nxd4 24.Nb1 Nf5 25.Qf3 Bc5 26.Rcd1 Nd4 27.Qh5 Nxc2 28.Nd2 Bd4 29.Bxd4 Nxd4
30.Rfe1 Nf5 31.Qf3 Qc7 32.Qe2 c5 33.h4 Nd4 34.Qh5 Qb6 35.Kh2 Rad8 36.f4 Qb4
37.Nf3 Nxf3+ 38.Qxf3 b5 39.axb5 Qxb5 40.f5 exf5 41.Qxf5 Qd7 42.e6 Rxe6 43.Rxd5 Rd6
44.Rxc5 Qxf5 45.Rxf5 Rd3 46.h5 Nh8 47.Rb5 g6 48.Ree5 Kg7 49.Rb7 Rc8 50.hxg6 Nxg6
51.Rf5 Rh8+ 52.Kg1 Rxg3 53.Kf2 Rxg2+ 54.Kxg2 Nh4+ 55.Kf2 Nxf5 56.Rb5 Nd4
57.Rxa5 Nxb3 58.Rg5+ Kf6 59.Rd5 Ke6 60.Rd8 Rxd8  0-1

[Event "UKR-ch U18"]
[Site "Dnepropetrovsk"]
[Date "1999.??.??"]
[Round "4"]
[White "Khaetsky, Roman"]
[Black "Zakharov, Vladimir"]
[Result "1/2-1/2"]
[WhiteElo "2294"]
[BlackElo "2376"]

1.Nf3 d5 2.g3 c6 3.Bg2 Bg4 4.O-O Nd7 5.d3 Ngf6 6.Qe1 e5 7.e4 dxe4 8.dxe4 a5
9.Nbd2 Qc7 10.a4 Bb4 11.h3 Bh5 12.c3 Bc5 13.Nc4 O-O 14.b4 axb4 15.g4 Bg6
16.cxb4 b5 17.bxc5 bxc4 18.Nh4 Nxc5 19.Nxg6 hxg6 20.Qb4 Nb3 21.Rb1 Qa7 22.Qxc4 Nd4
23.Ra1 Qa6 24.Qxa6 Rxa6 25.Be3 Nc2 26.Bc5 Nxa1 27.Bxf8 Kxf8 28.Rxa1 Ra5 29.Rc1 Rxa4
30.Rxc6 Ke7 31.f3 Nh7 32.Rc7+ Kf6 33.h4 g5 34.Rc6+ Ke7 35.Rc7+ Ke6 36.h5 Ra1+
37.Kf2 Ra2+ 38.Kg3 Ra1 39.Kf2 Ra2+ 40.Kg3 Ra1 41.Kf2 Ra2+ 42.Kg3 Ra1  1/2-1/2

[Event "Dresden op"]
[Site "Dresden"]
[Date "1999.??.??"]
[Round "?"]
[White "Brauer, Christian"]
[Black "Dittmar, Peter"]
[Result "1/2-1/2"]
[WhiteElo "2135"]
[BlackElo "2360"]

1.Nf3 d5 2.g3 c6 3.Bg2 Bg4 4.c4 e6 5.O-O Nd7 6.b3 Ngf6 7.Bb2 Be7 8.d3 O-O
9.Nbd2 Re8 10.h3 Bh5 11.Rc1 Bf8 12.Qc2 a5 13.a3 Qb6 14.g4 Bg6 15.Nh4 Rad8
16.Nxg6 hxg6 17.e3 Qa7 18.Qc3 Qb6 19.Qc2 g5 20.Rb1 Bd6 21.Nf3 Nh7 22.Rfc1 Qa7
23.Qc3 e5 24.b4 axb4 25.axb4 dxc4 26.dxc4 Ndf6 27.Ba1 Bc7 28.Rd1 Qa2 29.Rdc1 Ne4
30.Qc2 Rd1+ 31.Qxd1 Qxf2+ 32.Kh2 Qg3+ 33.Kg1 Qf2+ 34.Kh2 Qg3+ 35.Kg1  1/2-1/2

[Event "Dresden op"]
[Site "Dresden"]
[Date "1999.??.??"]
[Round "?"]
[White "Thiede, Lars"]
[Black "Schneider, Henning"]
[Result "1/2-1/2"]
[WhiteElo "2385"]
[BlackElo "2185"]

1.g3 d5 2.Nf3 c6 3.b3 Nf6 4.Bb2 Bf5 5.Bg2 e6 6.O-O Be7 7.d3 h6 8.Nbd2 O-O
9.c4 Nbd7 10.a3 a5 11.Ra2 Bh7 12.Qa1 b5 13.Ne5 Nxe5 14.Bxe5 Qd7 15.Rc1 Rfc8
16.Bh3 Ne8 17.Rac2 Bf6 18.Bxf6 Nxf6 19.cxb5 cxb5 20.Rc5 Ne8 21.Nf3 Qb7 22.Qe5 Rxc5
23.Rxc5 Rc8 24.Qc3 Rxc5 25.Qxc5 g5 26.Nd4 Nc7 27.Nc6 a4 28.Nd8 Qc8 29.Qe7 Bg6
30.b4 d4 31.Nc6 Nd5 32.Qd6 Qc7 33.Qxc7 Nxc7 34.Bg2 f6 35.Nxd4 Be8 36.Kf1 Kf7
37.e3 Ke7 38.f4 gxf4 39.gxf4 Kd6 40.f5 e5 41.Ne2 Bd7 42.Be4 Ne8 43.Ng3 Ke7
44.Kg2 Nd6 45.Kf3 Nxe4 46.dxe4 Be8 47.Kg4 Kf8 48.Ne2 Kg7 49.Nc3 Bd7 50.Nd5 Be8
51.Nc7 Bc6 52.Kh4 Kh7 53.Kh5 Bd7 54.Kg4 Bc6 55.Kh4 Kg7 56.Kh5 Kh7 57.Kg4 Kg7
58.h3 Kh7 59.Nd5 Kg7 60.h4 Be8 61.Nc7 h5+  1/2-1/2

[Event "Dresden op"]
[Site "Dresden"]
[Date "1999.??.??"]
[Round "?"]
[White "Thiede, Lars"]
[Black "Mchedlishvili, Mikheil"]
[Result "1/2-1/2"]
[WhiteElo "2385"]
[BlackElo "2440"]

1.g3 d5 2.Nf3 Nf6 3.Bg2 c6 4.b3 Bg4 5.Bb2 e6 6.O-O Nbd7 7.d3 Bc5 8.Nbd2 O-O
9.a3 a5 10.Re1 Re8 11.d4 Bd6 12.e4 dxe4 13.Nxe4 Nxe4 14.Rxe4 Bh5 15.Qe1 Qc7
16.c4 Red8 17.Rd1 Bf8 18.Qc3 c5 19.d5 Nf6 20.Re5 Bg6 21.Nh4 exd5 22.cxd5 Re8
23.Nxg6 hxg6 24.Rde1 Rxe5 25.Rxe5 Rd8 26.a4 Re8 27.f4 Bd6 28.Rxe8+ Nxe8 29.Bf3 Be7
30.Qe3 Kf8 31.Be2 Nd6 32.g4 b6 33.Kg2 Qd8 34.Bd3 g5 35.Qh3 Bf6 36.Be5 Ke7
37.Bxf6+ gxf6 38.Qh6 Nc8 39.Be4 Nd6 40.Bf3 Qg8 41.h4 gxh4 42.Qxh4 Nf5 43.Qh5 Nd6
44.Qh4  1/2-1/2

[Event "Cataluna Club op"]
[Site "ESP"]
[Date "1999.??.??"]
[Round "?"]
[White "Martin Garcia, Carlos"]
[Black "Lacasa Aluja, Lluis"]
[Result "1-0"]
[WhiteElo "2130"]
[BlackElo "1935"]

1.Nf3 d5 2.g3 Nf6 3.Bg2 Nc6 4.d4 g6 5.O-O Bg7 6.c4 dxc4 7.Nc3 O-O 8.Bf4 e6
9.e4 a6 10.a4 Na5 11.Qe2 Qe7 12.Rad1 Rd8 13.Rfe1 Ne8 14.h4 b6 15.h5 Nb7 16.hxg6 hxg6
17.Qxc4 Nbd6 18.Qe2 Bb7 19.Bg5 Qd7 20.Ne5 Qc8 21.Bxd8 Qxd8 22.Ng4 c6 23.e5 Nf5
24.Qd2 Qe7 25.Ne4 Rd8 26.Qc3 Kf8 27.a5 Nc7 28.axb6 Nb5 29.Qc5 Nbxd4 30.Ngf6 Bxf6
31.exf6 Qxc5 32.Nxc5  1-0

[Event "Cataluna Club op"]
[Site "ESP"]
[Date "1999.??.??"]
[Round "?"]
[White "Velazquez Manisse, Ernesto"]
[Black "Valarezo Ricard, Pere"]
[Result "1/2-1/2"]
[WhiteElo "2170"]
[BlackElo "2035"]

1.Nf3 d5 2.g3 Nf6 3.d3 c5 4.Bg2 Nc6 5.Nbd2 Bf5 6.O-O e6 7.h3 Bd6 8.Nh4 Bg6
9.Nxg6 hxg6 10.e4 O-O 11.Re1 Qc7 12.exd5 exd5 13.Nf1 d4 14.Nd2 b5 15.a4 a6
16.axb5 axb5 17.Rxa8 Rxa8 18.Qf3 Rc8 19.Ne4 Nxe4 20.Qxe4 Nb4 21.c3 Nc6 22.h4 dxc3
23.bxc3 b4 24.cxb4 Nxb4 25.Bd2 Ra8 26.Rc1 Qe7 27.Bg5 f6 28.Be3 Qxe4 29.dxe4 Rc8
30.Kf1 Kf7 31.Ke2 Rc7 32.Rd1 Ke7 33.Rxd6 Kxd6 34.Bf4+ Kd7 35.Bh3+ Kd8  1/2-1/2

[Event "Cataluna Club op"]
[Site "ESP"]
[Date "1999.??.??"]
[Round "?"]
[White "Carrey Abellan, Enric"]
[Black "Cotes Martinez, Joan"]
[Result "1-0"]
[WhiteElo "2095"]
[BlackElo "1875"]

1.Nf3 d5 2.g3 c6 3.Bg2 Bg4 4.d4 Bxf3 5.Bxf3 Nf6 6.Nd2 e6 7.b3 Bb4 8.Bb2 Qa5
9.a3 Bxd2+ 10.Qxd2 Qxd2+ 11.Kxd2 Nbd7 12.e3 O-O 13.Rhc1 Rfc8 14.c4 Re8 15.Rc2 Nf8
16.b4 h6 17.b5 N8h7 18.h4 g5 19.Rh1 g4 20.Bg2 Rac8 21.Rhc1 Ne4+ 22.Kd3 Nd6
23.cxd5 cxd5 24.Rxc8 Rxc8 25.Rxc8+ Nxc8 26.e4 Nf6 27.Bc1 Kg7 28.Bf4 dxe4+
29.Bxe4 Nxe4 30.Kxe4 Ne7 31.Ke5 Nd5 32.Kd6 h5 33.Bd2 Kf8 34.Kd7 a6 35.a4 axb5
36.axb5 b6 37.Bh6+ Kg8 38.Bg5 Kf8 39.Bd8 Nc3 40.Kc6 Nd5 41.Bxb6 Ke8 42.Ba5 Ne7+
43.Kb7 Kd7 44.Bb4 Nd5 45.Bc5 f6 46.b6 e5 47.Ka7 Nc3 48.Ka6 Nd5 49.Kb5 Nc3+
50.Kc4 exd4 51.Bxd4 Ne4 52.Kd5 f5 53.Ke5 Nd6 54.Kf6 Nb5 55.Be3  1-0

[Event "Cataluna-chT"]
[Site "ESP"]
[Date "1999.??.??"]
[Round "2"]
[White "Comas Fabrego, Luis"]
[Black "Magem Badals, Jorge"]
[Result "1-0"]
[WhiteElo "2560"]
[BlackElo "2575"]

1.Nf3 d5 2.g3 Bg4 3.Bg2 Nd7 4.O-O e5 5.d4 e4 6.Ne5 Be6 7.c4 c6 8.Nc3 Ngf6
9.cxd5 cxd5 10.Qb3 Qb6 11.Bf4 Qxb3 12.axb3 a6 13.Nxd7 Bxd7 14.Na4 Bb5 15.Nb6 Rd8
16.Bc7 Bxe2 17.Bxd8 Kxd8 18.Rac1 Bxf1 19.Bxf1 g6 20.Bh3 Bg7 21.Rc8+ Ke7 22.Rc7+ Kf8
23.Rxb7 h5 24.Rb8+ Ne8 25.Nxd5 f5 26.Nf4 Rh6 27.Ne6+ Ke7 28.Nxg7 Nxg7 29.Rb7+ Kf8
30.Rb6 Ke7 31.d5 Ne8 32.Bxf5 Nd6 33.Bxe4 a5 34.Bd3 g5 35.Ra6 Rf6 36.Ra7+ Kd8
37.Rxa5 Rf3 38.Bc4 h4 39.gxh4 gxh4 40.Kg2 Rf4 41.Ra8+ Ke7 42.Ra7+ Kf6 43.Rh7 Ne4
44.f3 Ng5 45.Rh6+ Kg7 46.Rh5 Kg6 47.Rh8 Kg7 48.Re8 Rxf3 49.d6 h3+ 50.Kg1 Rf5
51.d7 Nf3+ 52.Kh1 Ra5 53.Re1  1-0

[Event "Tres Peons op"]
[Site "ESP"]
[Date "1999.??.??"]
[Round "3"]
[White "Fernandez Pena Diaz, J."]
[Black "Rodriguez Martin, MM."]
[Result "1-0"]
[WhiteElo "2145"]
[BlackElo "1980"]

1.Nf3 d5 2.g3 Nf6 3.Bg2 Nc6 4.d4 Bf5 5.O-O e6 6.c4 Be7 7.Nc3 h6 8.cxd5 exd5
9.Bf4 a6 10.Ne5 O-O 11.Nxc6 bxc6 12.Rc1 Qd7 13.Na4 Rab8 14.Qd2 Rb5 15.Qc3 c5
16.Nxc5 Bxc5 17.dxc5 Rfb8 18.c6 Qe7 19.Qe5 Qxe5 20.Bxe5 Ne8 21.Rfd1 Be6 22.e3 f6
23.Bd4 Nd6 24.b3 Ra5 25.Rc2 Bf5 26.Rc5 Rxa2 27.Bxd5+ Kf8 28.Rcc1 Bg4 29.Ra1 Rc2
30.Rdc1 Rxc1+ 31.Rxc1 Rb5 32.Rc5 Be2 33.Rxb5 Nxb5 34.Bc5+ Ke8 35.f3 Nc3 36.Kf2 Bb5
37.Bc4 Bxc6 38.Bxa6 Bd5 39.Bc4 Bxc4 40.bxc4 Na4 41.Bd4 c5 42.Ba1 Nb6 43.Ke2 Nxc4
44.Kd3 Nd6 45.e4 Kd7 46.g4 Ke6 47.h4 g5 48.h5 Ke7 49.Bb2 Ke6 50.Ba3 Nf7 51.Bxc5 Ne5+
52.Ke3 Nc4+ 53.Ke2 Ne5 54.Bf8 Nf7 55.Ke3 Ke5 56.Bg7 Ke6 57.f4 Kd7 58.fxg5 fxg5
59.Kd4 Ke6 60.e5 Nd8 61.Ke4 Nc6 62.Bf6 Nb8 63.Kd4 Nc6+ 64.Ke4 Nb8 65.Bh8 Nd7
66.Bg7 Nc5+ 67.Kf3 Nd7 68.Bxh6 Nxe5+  1-0

[Event "Tres Peons op"]
[Site "ESP"]
[Date "1999.??.??"]
[Round "5"]
[White "Fernandez Pena Diaz, J."]
[Black "Galceran Porqueras, J."]
[Result "1-0"]
[WhiteElo "2145"]
[BlackElo "1880"]

1.Nf3 d5 2.g3 g6 3.Bg2 Bg7 4.O-O Nf6 5.d3 O-O 6.Nbd2 c6 7.e4 Qc7 8.Re1 e6
9.e5 Ne8 10.Nf1 c5 11.Bf4 Nc6 12.h4 Qd7 13.N1h2 f5 14.exf6 Nxf6 15.Bh3 Re8
16.Ne5 Nxe5 17.Bxe5 Nh5 18.Qd2 d4 19.Ng4 Qe7 20.Re2 a5 21.Rae1 Ra6 22.Bxg7 Nxg7
23.Nh6+ Kh8 24.Re5 Rf8 25.Bg2 Qc7 26.Qg5 b5 27.Rxc5 Qd7 28.Qe5  1-0

[Event "Cataluna-chT"]
[Site "ESP"]
[Date "1999.??.??"]
[Round "5"]
[White "Artigas Isart, Miguel"]
[Black "Magem Badals, Jorge"]
[Result "1/2-1/2"]
[WhiteElo "2275"]
[BlackElo "2575"]

1.Nf3 d5 2.g3 Bg4 3.Bg2 Nd7 4.O-O e6 5.d3 Bd6 6.Nbd2 Ne7 7.b3 O-O 8.Bb2 a5
9.a3 c6 10.c4 b5 11.a4 bxc4 12.bxc4 Rb8 13.Qc2 e5 14.Rfc1 f6 15.Ba3 Bxa3
16.Rxa3 d4 17.Ne4 Qc7 18.h3 Be6 19.Rb1 Rxb1+ 20.Qxb1 Rb8 21.Rb3 Rxb3 22.Qxb3 h6
23.Qa3 c5 24.Qb3 Nc8 25.Ne1 Qb6 26.Nd2 Nd6  1/2-1/2

[Event "Tres Peons op"]
[Site "ESP"]
[Date "1999.??.??"]
[Round "7"]
[White "Carrey Abellan, Enric"]
[Black "Valarezo Ricard, Pere"]
[Result "1-0"]
[WhiteElo "2095"]
[BlackElo "2035"]

1.Nf3 d5 2.g3 g6 3.Bg2 Bg7 4.d4 h5 5.Nbd2 c6 6.c4 Bf5 7.b3 e6 8.Bb2 Nf6 9.Nh4 Nbd7
10.cxd5 cxd5 11.Nxf5 gxf5 12.Rc1 Rc8 13.e3 h4 14.Rxc8 Qxc8 15.O-O hxg3 16.hxg3 Bf8
17.Qc1 Nb6 18.Nf3 Nfd7 19.Qd2 Bd6 20.Rc1 Qd8 21.Qa5 a6 22.Ba3 Qe7 23.Bxd6 Qxd6
24.Rc2 Ke7 25.Ne5 Kf6 26.Nxd7+ Nxd7 27.Qc7 Ke7 28.Qxb7 Qa3 29.Rc7 Rd8 30.Bf1 Qxa2
31.Bxa6 Qb1+ 32.Bf1 Qe4 33.Qb4+ Kf6 34.Rc1 Rg8 35.Qd6 Nf8 36.Rc8 Kg7 37.b4 Nh7
38.Rxg8+ Kxg8 39.b5 Ng5 40.Qd8+  1-0

[Event "Tres Peons op"]
[Site "ESP"]
[Date "1999.??.??"]
[Round "8"]
[White "Asensio Linan, Teodoro"]
[Black "Rosich Valles, Alfred"]
[Result "1/2-1/2"]
[WhiteElo "2245"]
[BlackElo "2370"]

1.Nf3 d5 2.g3 Nf6 3.Bg2 Bg4 4.d4 Nbd7 5.O-O e6 6.b3 Bd6 7.Bb2 Bxf3 8.exf3 O-O
9.Qe2 c5 10.f4 Rc8 11.c4 Re8 12.Nc3 cxd4 13.Nb5 Bc5 14.Rac1 Qb6 15.cxd5 a6
16.b4 Bxb4 17.Rxc8 Rxc8 18.dxe6 Qxe6 19.Qxe6 fxe6 20.Nxd4 Bd6 21.Bh3 e5 22.Nf5 Rc2
23.Nxd6 Rxb2 24.Rc1 Kf8 25.Rc7 Rd2 26.fxe5 Nxe5 27.Rc8+ Ke7 28.Nf5+ Kf7 29.Rc7+ Kf8
30.Nxg7 Ne4 31.Ne6+ Kg8 32.Rc8+ Kf7 33.Rf8+ Ke7 34.Rf4  1/2-1/2

[Event "Cataluna-chT"]
[Site "ESP"]
[Date "1999.??.??"]
[Round "8"]
[White "Vives Esmerat, J."]
[Black "Monraba Capella, M."]
[Result "0-1"]
[WhiteElo "2330"]
[BlackElo "2255"]

1.Nf3 d5 2.g3 Nf6 3.Bg2 Bf5 4.O-O e6 5.c4 c6 6.cxd5 exd5 7.d3 Be7 8.Bf4 O-O
9.Nbd2 Nbd7 10.Re1 Nc5 11.Qc2 Ne6 12.e4 Bg6 13.Ne5 Bb4 14.Be3 d4 15.Bf4 Nxf4
16.gxf4 Nh5 17.f5 Nf4 18.Nef3 Bh5 19.Red1 g6 20.a3 Be7 21.Nf1 gxf5 22.Ng3 Bg4
23.Qd2 Nxg2 24.Kxg2 Kh8 25.Qf4 Rg8 26.Ne5 Rg7 27.Nxg4 fxg4 28.Kh1 Bd6 29.e5 Bc7
30.Qe4 Rg5 31.Rg1 Bxe5 32.Nf5 Qd5 33.Qxd5 cxd5 34.Nh6 Kg7 35.Nxg4 Bd6 36.Ne3 Rxg1+
37.Rxg1+  0-1

[Event "FIN-chT9899"]
[Site "FIN"]
[Date "1999.??.??"]
[Round "8"]
[White "Partanen, Juha"]
[Black "Koskinen, Henri"]
[Result "1/2-1/2"]
[WhiteElo "2285"]
[BlackElo "2312"]

1.Nf3 d5 2.g3 Nf6 3.Bg2 e6 4.O-O Be7 5.d4 O-O 6.c4 dxc4 7.Ne5 Nc6 8.Bxc6 bxc6
9.Nxc6 Qe8 10.Nxe7+ Qxe7 11.b3 cxb3 12.Ba3 Qd7 13.Nd2 Rd8 14.Nxb3 a5 15.Qc2 Bb7
16.Rfd1 a4 17.Nc5 Qc6 18.f3 Nd7 19.Rac1 Nxc5 20.Qxc5 Qxc5 21.Rxc5 Rd7 22.Kf2 f5
23.Rd2  1/2-1/2

[Event "FRA-chT 9899"]
[Site "FRA"]
[Date "1999.??.??"]
[Round "1"]
[White "Anic, Darko"]
[Black "Glavina, Pablo"]
[Result "1/2-1/2"]
[WhiteElo "2464"]
[BlackElo "2421"]

1.Nf3 d5 2.g3 c5 3.Bg2 Nc6 4.d4 e6 5.O-O cxd4 6.Nxd4 Bc5 7.Nxc6 bxc6 8.c4 Nf6
9.Nc3 O-O 10.Qa4 Bb7 11.Bf4 Qe7 12.Rad1 Rfd8 13.e4 d4 14.Ne2 Nd7 15.Nc1 e5
16.Bd2 Nb6 17.Qc2 Bb4 18.Bxb4 Qxb4 19.Nd3 Qxc4 20.Qxc4 Nxc4 21.b3 Nd6 22.Nxe5 c5
23.Rfe1 Re8 24.Nd3 Nxe4 25.Rc1 f5 26.Bxe4 fxe4 27.Nxc5 Bd5 28.Na6 Rad8 29.Nc7 Re7
30.Nxd5 Rxd5 31.Kf1 Rf5 32.Rcd1 e3 33.Re2 Rc7 34.Rxd4 Rc1+ 35.Kg2 exf2 36.Rxf2 Rxf2+
37.Kxf2  1/2-1/2

[Event "FRA-chT 9899"]
[Site "FRA"]
[Date "1999.??.??"]
[Round "3"]
[White "Spiridonov, Nikola"]
[Black "Conquest, Stuart"]
[Result "0-1"]
[WhiteElo "2398"]
[BlackElo "2478"]

1.g3 d5 2.Nf3 Nc6 3.d4 Bg4 4.Bg2 Qd7 5.O-O O-O-O 6.Be3 Bh3 7.c4 Bxg2 8.Kxg2 e5
9.dxe5 d4 10.Bg5 Be7 11.Bxe7 Ngxe7 12.Qa4 h5 13.h4 Qg4 14.Nbd2 Nf5 15.Rh1 g5
16.Nxg5 Qxe2 17.Nde4 Ne3+ 18.Kh3 Nxc4 19.Rhe1 Qg4+ 20.Kg2 N4xe5 21.Nc5 Rd5
22.Re4 Qf5 23.Rf4 Qg6 24.Rc1 Rxc5 25.Rxc5 Nd3 26.Rcf5 Nxf4+ 27.Rxf4 Re8 28.Rxf7 d3
29.Qf4 Ne5 30.Rf6 Qg8 31.Rf5 Qd5+ 32.Kh2 d2 33.Rxe5 Qxe5 34.Qxd2 Kb8 35.Kg2 a6
36.a3 Qe7 37.Qd1 Qe5 38.Qxh5 Rf8 39.Qh6 Qf5 40.Nh3 Qf3+ 41.Kg1 Rd8 42.Kh2 Rd1
43.Qh8+ Ka7  0-1

[Event "FRA-chT 9899"]
[Site "FRA"]
[Date "1999.??.??"]
[Round "7"]
[White "Beikert, Guenther"]
[Black "Marciano, David"]
[Result "1/2-1/2"]
[WhiteElo "2440"]
[BlackElo "2521"]

1.Nf3 d5 2.g3 Bg4 3.Bg2 Nd7 4.O-O Ngf6 5.d3 e5 6.Nbd2 Bc5 7.h3 Bh5 8.e4 dxe4
9.dxe4 Bxf3 10.Qxf3 O-O 11.Nc4 c6 12.Bg5 Qc7 13.Rad1 Rfd8 14.Qf5 Re8 15.Rd3 b5
16.Nd2 h6 17.Be3 Bxe3 18.Rxe3 Rad8 19.Ra1 Nc5 20.Nf1 Rd6 21.Qf3 Red8 22.h4 Qd7
23.Rae1 a5 24.Qe2 Rd4 25.Bf3 g6 26.c3 Rd6 27.Qc2 Ng4 28.R3e2 h5 29.Bxg4 Qxg4
30.Rd2 Nd3 31.Re3 Qd7 32.Ree2 Qg4 33.Re3 Qd7 34.Ree2 Qe7 35.Re3 Nc5 36.Ree2 Nd3
37.Re3 Nc5 38.Ree2 Nd3  1/2-1/2

[Event "FRA-chT 9899"]
[Site "FRA"]
[Date "1999.??.??"]
[Round "9"]
[White "Giffard, Nicolas"]
[Black "Brochet, Philippe"]
[Result "1-0"]
[WhiteElo "2369"]
[BlackElo "2351"]

1.Nf3 d5 2.g3 Nc6 3.Bg2 e5 4.d3 Nf6 5.O-O Bc5 6.Nxe5 Nxe5 7.d4 Bd6 8.dxe5 Bxe5
9.Nd2 O-O 10.c4 c6 11.cxd5 Nxd5 12.Nc4 Bf6 13.e4 Nb6 14.Nd6 Bg4 15.Qxg4 Qxd6
16.Rb1 Qb4 17.Qe2 Na4 18.Qc2 Rfd8 19.a3 Qb5 20.Re1 Bd4 21.Bf1 Qc5 22.Qxc5 Nxc5
23.b4 Ne6 24.Kg2 Bc3 25.Re2 Rd1 26.Rc2 Bf6 27.f4 Rad8 28.e5 Be7 29.Bc4 g5
30.f5 Nd4 31.Rf2 g4 32.h3 h5 33.hxg4 b5 34.Ba2 hxg4 35.Rf4 Kh7 36.f6 Bf8
37.Rxg4 Ne2 38.Be3 Nc3 39.Rxd1 Nxd1 40.Bf4 Rd7 41.Rh4+ Kg6 42.Bb1+  1-0

[Event "FRA-chT 9899"]
[Site "FRA"]
[Date "1999.??.??"]
[Round "10"]
[White "Mulder, Bart Piet"]
[Black "Lefebvre, Herve"]
[Result "0-1"]
[WhiteElo "2235"]
[BlackElo "2119"]

1.Nf3 d5 2.g3 Nf6 3.Bg2 Bf5 4.b3 e6 5.Bb2 Be7 6.O-O O-O 7.d3 c6 8.Nbd2 a5
9.a3 Na6 10.Qe1 h6 11.e4 Bh7 12.Qe2 Nc5 13.e5 Nfd7 14.Nd4 Qb6 15.a4 Rfe8
16.Bh3 Bf8 17.Kh1 Qa6 18.f4 b5 19.axb5 cxb5 20.N2f3 Qb6 21.Qg2 a4 22.bxa4 bxa4
23.Ba3 Reb8 24.g4 Ne4 25.Bxf8 Nxf8 26.f5 a3 27.g5 Nxg5 28.Nxg5 Qxd4 29.Nxh7 Kxh7
30.Rae1 Qh4 31.fxe6 fxe6 32.Rg1 Ra7 33.Qf3 Qxe1 34.Rxe1 a2 35.Kg2 Rb1 36.Qxf8 Rxe1
37.Bxe6 Rxe5 38.Qg8+ Kg6 39.Qe8+ Kf6 40.Qf8+ Kxe6 41.Qe8+ Kf6 42.Qd8+ Kf7  0-1

[Event "FRA-chT 9899"]
[Site "FRA"]
[Date "1999.??.??"]
[Round "11"]
[White "Moingt, Jean Claude"]
[Black "Duchene, Rene"]
[Result "1-0"]
[WhiteElo "2290"]
[BlackElo "2200"]

1.Nf3 d5 2.g3 e6 3.Bg2 Nf6 4.d3 Be7 5.O-O O-O 6.Nbd2 c5 7.e4 Nc6 8.Re1 Qc7
9.Qe2 b5 10.e5 Nd7 11.Nf1 Bb7 12.h4 Rfd8 13.Bf4 d4 14.N1h2 Nb6 15.Ng4 Bf8
16.Ng5 Ne7 17.Nf6+  1-0

[Event "Genova op 3th"]
[Site "Genova"]
[Date "1999.??.??"]
[Round "7"]
[White "Bogza, Oana"]
[Black "Farina, Saverio"]
[Result "0-1"]
[WhiteElo "2085"]
[BlackElo "2140"]

1.Nf3 d5 2.g3 c5 3.Bg2 Nc6 4.O-O e5 5.d3 Nge7 6.Nbd2 Ng6 7.e4 d4 8.a4 Be7
9.Nc4 h5 10.Bd2 Bg4 11.Qe2 Qd7 12.Rfd1 h4 13.c3 h3 14.Bh1 O-O 15.Rf1 f5 16.Be1 Rf6
17.Ncd2 Raf8 18.Qd1 Kh8 19.Qc2 fxe4 20.dxe4 Bxf3 21.Nxf3 d3 22.Qd1 Nf4  0-1

[Event "Gent op 22nd"]
[Site "Gent"]
[Date "1999.??.??"]
[Round "4"]
[White "Danielian, Elina"]
[Black "Van Coppenolle, K."]
[Result "1/2-1/2"]
[WhiteElo "2350"]
[BlackElo "2105"]

1.Nf3 d5 2.g3 Nf6 3.Bg2 c6 4.O-O Bf5 5.b3 e6 6.Bb2 Nbd7 7.d3 Be7 8.Nbd2 h6
9.e4 dxe4 10.dxe4 Bh7 11.e5 Nd5 12.a3 O-O 13.c4 Nc7 14.b4 a5 15.Bc3 axb4
16.axb4 Rxa1 17.Qxa1 Na6 18.Qb2 c5 19.b5 Nb4 20.Ra1 Nd3 21.Qb3 Qb8 22.b6 Bd8
23.Qb5 Nxb6 24.Ne1 Nxe5 25.Qxc5 Nbd7 26.Qa7 Bb6 27.Qxb7 Qxb7 28.Bxb7 Ng4
29.Kg2 Nxf2 30.Bc6 Nb8 31.Bf3 Nd3 32.Nxd3 Bxd3 33.Bb4 Rd8 34.c5 Bc7 35.c6 Bb5
36.Rc1 Rd4 37.Bc3 Ra4 38.Rb1 Ba6 39.Rb2 Bc8 40.Nb3 e5 41.Bd5 Be6 42.Bxe6 fxe6
43.Ba5 Na6 44.Bxc7 Nxc7 45.Nd2 Ra6 46.Rc2 Kf7 47.Nc4 Ke7 48.Nxe5 Kd6 49.Re2 Nd5
50.h4 Nb4 51.Nc4+ Kxc6 52.Rxe6+ Kd5 53.Rxa6  1/2-1/2

[Event "Oberliga Ost B9899"]
[Site "GER"]
[Date "1999.??.??"]
[Round "?"]
[White "Gmeiner, Peter"]
[Black "Debus, Alfred"]
[Result "1-0"]
[WhiteElo "2230"]
[BlackElo "2220"]

1.Nf3 d5 2.g3 Nf6 3.Bg2 e6 4.O-O Nbd7 5.d3 e5 6.e4 dxe4 7.dxe4 Bc5 8.Nc3 O-O
9.Qe2 c6 10.b3 Qc7 11.Bb2 Re8 12.h3 b6 13.Nh4 Nf8 14.Na4 Ne6 15.Nxc5 Nxc5
16.Rfe1 Ba6 17.Qf3 Rad8 18.Nf5 Rd2 19.Bc1 Rxc2 20.Nxg7 Rxc1 21.Qxf6 Rxe1+
22.Rxe1 Rd8 23.Nf5 Ne6 24.h4 Rd2 25.Bh3 Bc8 26.Ne7+ Kf8 27.Nxc8  1-0

[Event "Oberliga Nord N9899"]
[Site "GER"]
[Date "1999.??.??"]
[Round "?"]
[White "Stephan, Axel"]
[Black "Lindinger, Markus"]
[Result "0-1"]
[WhiteElo "2235"]
[BlackElo "2290"]

1.Nf3 d5 2.g3 g6 3.c4 Nf6 4.Bg2 Bg7 5.O-O O-O 6.cxd5 Nxd5 7.d4 Nc6 8.e4 Nb6
9.d5 Na5 10.Nc3 c6 11.Qe2 cxd5 12.exd5 Nxd5 13.Nxd5 Qxd5 14.Qxe7 Qb5 15.Ng5 Nc6
16.Qe4 h6 17.Nf3 Bf5 18.Qh4 g5 19.Qh5 Rad8 20.Re1 Qc4 21.a3 Qa4 22.h3 Qc2
23.Nh2 Bg6 24.Qf3 Nd4 25.Qxb7 Nb3 26.Be3 Nxa1 27.Rxa1 Bxb2 28.Rf1 a5 29.Ng4 Kh7
30.Qb6 a4 31.h4 Qb3 32.Qc6 Rc8 33.Qd6 Rfd8 34.Qa6 Qc4 35.Qa5 Qxg4  0-1

[Event "Oberliga Nord N9899"]
[Site "GER"]
[Date "1999.??.??"]
[Round "?"]
[White "Weyrich, Morten"]
[Black "Mach, Holger"]
[Result "1-0"]
[WhiteElo "2345"]
[BlackElo "2270"]

1.Nf3 d5 2.g3 Nf6 3.Bg2 c6 4.O-O Bg4 5.d4 e6 6.Ne5 Bf5 7.c4 Bd6 8.Nc3 O-O
9.Re1 Nbd7 10.Bf4 Bxe5 11.dxe5 Ng4 12.cxd5 exd5 13.e4 dxe4 14.Bxe4 Qb6 15.Qe2 Be6
16.Bf3 Bc4 17.Qc2 Be6 18.h3 Bf5 19.Qd2 Ndxe5 20.Bxe5 Rad8 21.Nd5 Nxe5 22.Rxe5 Bxh3
23.Ne7+ Kh8 24.Qc2 h6 25.Rae1 Qb4 26.R5e2 Be6 27.Nf5 Bxa2 28.b3 Qxb3 29.Qe4 Qc4
30.Qe5 f6 31.Qe7 Qf7 32.Rxa2 Rde8 33.Rae2 Rxe7 34.Rxe7 Qb3 35.Bh5 a5 36.Bg6 a4
37.Rxg7 Qg8 38.Ree7 Re8 39.Rxg8+ Kxg8 40.Rg7+  1-0

[Event "Oberliga Nord N9899"]
[Site "GER"]
[Date "1999.??.??"]
[Round "?"]
[White "Willsch, Mathias"]
[Black "Jaeckle, Marco"]
[Result "1/2-1/2"]
[WhiteElo "2280"]
[BlackElo "2270"]

1.Nf3 d5 2.g3 Nf6 3.Bg2 Nbd7 4.d4 e6 5.O-O Bd6 6.Nbd2 b6 7.c4 O-O 8.Qc2 Bb7
9.e4 dxe4 10.Ng5 Be7 11.Ndxe4 Nxe4 12.Nxe4 Qc8 13.Be3 f5  1/2-1/2

[Event "Oberliga Ost A9899"]
[Site "GER"]
[Date "1999.??.??"]
[Round "?"]
[White "Neidig, Stefan"]
[Black "Rausch, Stephan"]
[Result "0-1"]
[WhiteElo "2275"]
[BlackElo "2340"]

1.Nf3 d5 2.g3 Nf6 3.Bg2 c6 4.O-O Bg4 5.d3 Nbd7 6.Nbd2 e6 7.b3 Be7 8.Bb2 O-O
9.h3 Bxf3 10.Nxf3 Qa5 11.a3 Rad8 12.Qd2 Qxd2 13.Nxd2 Ne8 14.e4 Bf6 15.d4 dxe4
16.Nxe4 Be7 17.Rfd1 Nef6 18.Nd2 Nb6 19.Nf1 Rd7 20.c4 Rfd8 21.Ne3 h5 22.a4 Nc8
23.Kf1 Nd6 24.Rd3 Nde4 25.Rad1 Nc5 26.Rc3 Rxd4 27.Rxd4 Rxd4 28.Ke2 Rd7 29.Nf1 h4
30.Re3 hxg3 31.Nxg3 Ne8 32.Ne4 Nxe4 33.Bxe4 Bf6 34.Ba3 Bd4 35.Rd3 Nf6 36.Bf3 e5
37.Rd1 c5 38.Bc1 Rd6 39.Bg5 Nh7 40.Bd2 Nf8 41.a5 b6 42.b4 cxb4 43.Bxb4 Rf6
44.axb6 Rxb6 45.Ba3 Ne6 46.Bg4 Nf4+ 47.Kf1 Rb3 48.Bc1 Nxh3 49.f4 Nf2 50.Rxd4 Nxg4
51.Rd8+ Kh7 52.Ke2 Rc3 53.Bd2 Rxc4 54.Rd7 f6 55.fxe5 Nxe5 56.Rxa7 Rh4 57.Bc3 Rh2+
58.Kf1 Ng4 59.Ra4 Rc2 60.Be1 Nh2+  0-1

[Event "Oberliga Ost A9899"]
[Site "GER"]
[Date "1999.??.??"]
[Round "?"]
[White "Kapischka, Jens"]
[Black "Fuhrmann, Daniel"]
[Result "1/2-1/2"]
[WhiteElo "2315"]
[BlackElo "2315"]

1.Nf3 d5 2.g3 Nf6 3.Bg2 e6 4.O-O Be7 5.d3 O-O 6.Nbd2 c5 7.e4 Nc6 8.Re1 Qc7
9.e5 Nd7 10.Qe2 b5 11.h4 a5 12.Nf1 Ba6 13.N1h2 b4 14.Bf4 Qd8 15.Ng5 Qe8 16.c3 Rc8
17.Rac1 Nb6 18.Bf1 a4 19.a3 bxa3 20.bxa3 c4 21.Qb2 Rb8 22.d4 h6 23.Ngf3 Nd7
24.Qc2 Rb3 25.Ra1 f6 26.exf6 Bxf6 27.Bd6 Rf7 28.Bh3 Nd8 29.Re3 Nf8 30.Rae1 Be7
31.Bc7 Bxa3 32.Bxd8 Qxd8 33.Bxe6 Nxe6 34.Rxe6 Bb5 35.Ne5 Rf6 36.Neg4 Rxe6
37.Rxe6 Be8 38.Qf5 Bf8 39.Ne5 a3 40.Ra6 Rb2 41.Nhg4 Rb6 42.Ra7 Qd6 43.Nf7 Qg6
44.Qxg6 Rxg6 45.Nfe5 Rb6 46.Ne3 Bb5 47.Ra5 Be8 48.Ra7 Bb5 49.Ra5 Be8  1/2-1/2